000 00626cam a22002053a 4500
001 40881
003 PGUSA
005 20140828083920.0
008 120928s2012||||xxu|||||s|||||000 | eng d
040 _aPGUSA
_beng
042 _adc
100 1 _aNevinson, Margaret Wynne
245 1 0 _aWorkhouse Characters ;
_band, other sketches of the life of the poor.
_h[electronic resource] /
_cMargaret Wynne Nevinson
260 _bProject Gutenberg,
_c2012
506 _aPublic domain in the USA.
516 _aElectronic text
830 0 _aProject Gutenberg
_v40881
856 4 0 _uhttp://www.gutenberg.org/ebooks/40881
942 _cEB
999 _c270133
_d270133